| 000 | 01095nac a22003251u 4500 | ||
|---|---|---|---|
| 003 | EG-ScBUE | ||
| 005 | 20220606151221.0 | ||
| 008 | 090708r20101998enk f b 001 0 eng d | ||
| 020 | _a9780194372169 | ||
| 040 |
_aEG-ScBUE _beng _erda _cEG-ScBUE _dEG-ScBUE |
||
| 082 | 0 | 4 |
_a428.24071 _bWHI _222 |
| 100 | 1 |
_aWhite, Goodith, _eauthor. _97734 |
|
| 245 | 1 | 0 |
_aListening / _cGoodith White. |
| 250 | _aReprinted edition. | ||
| 264 | 1 |
_aOxford : _bOxford University Press, _c2010. |
|
| 300 |
_a142 pages ; _c24 cm. |
||
| 336 |
_2rdacontent _atext _btxt |
||
| 337 |
_2rdamedia _aunmediated _bn |
||
| 338 |
_2rdacarrier _avolume _bnc |
||
| 490 | 0 | _aResource books for teachers | |
| 500 | _adistributer: Al-Ahram | ||
| 504 | _aIncludes bibliographical references and index. | ||
| 586 | _aWinner of the ARELS Frank Bell prize. | ||
| 650 | 7 |
_aEnglish language _xStudy and teaching _xForeign speakers. _2BUEsh _97736 |
|
| 650 | 7 |
_aListening _xStudy and teaching. _97737 _2BUEsh |
|
| 651 | _2BUEsh | ||
| 653 | _bHHUUEENN | ||
| 655 |
_vReading book _934232 |
||
| 942 |
_cBB _k428.24071 WHI _2ddc |
||
| 999 |
_c9214 _d9214 |
||